Quizzes
Events
Quiz Creation
Community
Videos
Private Events
Remove Ads
Sign In
Join for FREE
Feedback
Dark Mode
Quiz Categories
Sports
Geography
Music
Movies
Television
Just For Fun
Miscellaneous
History
Literature
Language
Science
Gaming
Entertainment
Religion
Holiday
For Kids
Quiz Lab
Recent
Popular Today
Quiz Kudos Today
Editor Picks
Curator Picks
Quizzes by...
Day
Popularity
Type
Ratings
Length
Year
Community
Subscriptions
Recent Discussions
Orange Saloon
Badges
Playlists
Quests
Create
Leaderboards
Showdown
Live 5
Trivia Bingo
Activity
Puzzle Library
Sporcle Events
Private Events
Virtual Trivia
Globe League
Become a Host
Pub Owners
SporcleCon
Opinionation
Our Games
Videos
Blog
Mobile Apps
Partnerships
Remove Ads and Go Orange
Feedback
Sports
Athletes
MLB
NBA
NHL
NFL
Soccer
Sports Teams
WWE
NCAA
Football
Premier League
Basketball
Baseball
Hockey
Golf
Tennis
Cricket
Rugby
Auto Racing
Olympics
World Cup
Sports
Athletes
MLB
NBA
NHL
NFL
Soccer
Sports Teams
WWE
NCAA
Football
Premier League
Basketball
Baseball
Hockey
Golf
Tennis
Cricket
Rugby
Auto Racing
Olympics
World Cup
Random Quiz
Search Sporcle
×
Quiz Lab
Quiz Lab
Sports
Country
Type in answers that appear in a list
Type in answers that appear in a list
Classic
Best Score? Go Orange.
African Premier League Players 2013/14 Stats
Can you name the African Premier League Players 2013/14
By
GJS10
10m
42 Questions
86 Plays
86 Plays
86 Plays
Comments
Comments
Give Quiz Kudos
Give Quiz Kudos
-
- Ratings
hide this ad
Replay
Link that replays current quiz
Next Quiz
Link to next quiz in quiz playlist
You Got
0%
They Got
Avg Score
56%
Avg Friend Score
Upgrade to see
Score Distribution
Jump to the score distribution portion of the page
Score
0/42
Timer
10:00
0
Plays Today
Club
Player
% Correct
Liverpool
Kolo Toure
95.3%
Man City
Yaya Toure
95.3%
Chelsea
Michael Essien
93%
Chelsea
Demba Ba
93%
Tottenham
Emmanuel Adebayor
91.9%
Chelsea
John Obi Mikel
89.5%
Everton
Steven Pienaar
89.5%
Chelsea
Samuel Eto'o
86%
Newcastle
Papiss Cisse
84.9%
Everton
Arouna Kone
78.6%
Swansea
Wilfried Bony
75.6%
Liverpool
Victor Moses
74.4%
Southampton
Victor Wanyama
74.4%
West Brom
Stephane Sessegnon
69.8%
Newcastle
Cheick Tiote
66.3%
Norwich
Sebastien Bassong
64%
West Brom
Youssouf Mulumbu
62.8%
Crystal Palace
Marouane Chamakh
61.6%
Hull
Ahmed Elmohamady
61.6%
Aston Villa
Karim El Ahmadi
59.3%
Cardiff
Peter Odemwingie
59.3%
Club
Player
% Correct
West Ham
Mohamed Diame
57%
Arsenal
Emmanuel Frimpong
55.8%
Newcastle
Shola Ameobi
51.2%
Fulham
Adel Taarabt
50%
Hull
Yannick Sagbo
47.7%
Fulham
Derek Boateng
46.5%
West Ham
Modibo Maiga
45.3%
West Ham
Guy Demel
45.3%
Stoke
Oussama Assaidi
44.2%
West Brom
Victor Anichebe
43%
Crystal Palace
Kagisho Dikgacoi
40.7%
Crystal Palace
Yannick Bolasie
36%
Hull
Gedo
36%
Hull
Sone Aluko
34.9%
Sunderland
Cabral
33.7%
Aston Villa
Yacouba Sylla
27.9%
Hull
Abdoulaye Faye
26.7%
Crystal Palace
Adlene Guedioura
25.6%
Cardiff
Rudy Gestede
23.3%
Crystal Palace
Jimmy Kebe
22.1%
Everton
Magaye Gueye
20.9%
Quiz Playlist
Details
Report
Send in Message
Add To Playlist
Classic:
Type in answers that appear in a list
Last Updated: Feb 16, 2017
Quiz Scoreboard
CHALLENGE
Sign Up to Join the Scoreboard
Show All
Scores
Hide
Comments
May contain spoilers
Recently Published
College Basketball Coaching Resumes
by pancakes188
Sports
9m
Billboard Blitz: Fleetwood Mac
by CooCooCachoo
Music
15s
Presidents Visiting Landmarks
by Hejman
History
7m
More to Explore
Quiz From the Vault
Featured Blog Post
Where Did the Easter Bunny Come From?
hide this ad
You Might Also Like...
Tags
Africa Quiz
Country Quiz
2013
club
League
League Players
Player
Premier
Today's Top Quizzes in Sports
Browse Sports
hide this ad
Today's Top Quizzes in Country
Browse Country
Top Contributed Quizzes in Sports
1
2022 World Cup Stars
2
Les meilleurs buteurs des matchs entre le PSG et l’OM
3
FIFA Club World Cup Champions
4
Les entraîneurs de l'OM et du PSG au 21e siècle
5
Criteria MLB: Left Handed Sluggers
6
AFC Teams Reveal (Wrong Answers Minefield)
7
5-to-1: UK Sports Teams
8
5-to-1: FBS Animal Nicknames
9
2023 MLB Unique Player Accomplishments
10
Name the Premier League winners with different clubs
Explore More
Trending Topics
Disney
Crossword
Harry Potter
Anime
Marvel
Kpop
NBA
NFL
WWE
Song
Soccer
Pokémon
Country
The Office
Puzzle
hide this ad
More By:
GJS10
Quiz
Plays
Rating
Category
Featured
Created
Sidemen Mega Quiz
13,928
4.00
Gaming
Jul 21, 2015
WWE Finishers 2018
905
5.00
Sports
Apr 14, 2018
Tennis Mens Grand Slam Winners since 2000
643
5.00
Sports
Feb 10, 2014
WWE Wrestlers by their theme song
444
4.00
Sports
May 21, 2016
Top Gear Countries (Updated)
426
3.50
Entertainment
Dec 8, 2013
Go to Creator's Profile
Score Distribution
Quiz Creator Spotlight
GJS10
Follow
Send a Message
Quizzes Created
-
Created Quiz Play Count
-
More By This Creator
Popular Quizzes Today
1
Find the US States - No Outlines Minefield
2
Find the Countries of Europe - No Outlines Minefield
3
The Countries of the World
4
Find the US States
5
Risky Map Clicking: Biggest States A-Z
6
US States
7
Popular People in 1961
8
Movies - When Are They Set?
More Sports Quizzes
Past 5 Opening Day Quarterbacks
Published
Trending Quizzes
Risky Map Clicking: Least Populous States A-Z
1-10 Letter G Words
1-10 Letter F Words
Risky Map Clicking: Next State Alphabetically
Risky Map Clicking: Biggest States A-Z
Recently Updated
Leaping Animals
pecheneg
Reality TV Shows (A-Z)
bhenderson79
Rickey Henderson's Hall of Fame Teammates
pecheneg
Champions League XIs: Arsenal
pecheneg
Quick Pick: Celebrities in WWE's Hall of Fame
aduchscher
A-Z Keypad Blitz II
pecheneg
Multiple Oscar Actors
pecheneg
Mystery Phrase Blitz: Oscar 'Best Actors'
pecheneg
F. Scott Fitzgerald Novels
LTH
Pick 3 Villains
ddd62291
Trending Topics
Harry Potter
Marvel
Crossword
Anime
Kpop
NBA
Disney
The Office
Country
WWE
Pokémon
Puzzle
Song
NFL
Soccer
Your Account Isn't Verified!
In order to create a playlist on Sporcle, you need to verify the email address you used during registration. Go to your
Sporcle Settings
to finish the process.
Report this User
Report this user for behavior that violates our
Community Guidelines
.
Details:
Send Report
Go to the Sporcle.com Mobile Site →
Comments